[Event "EU-chT Seniors 12th"]
[Site "Dresden"]
[Date "2010.02.18"]
[Round "9"]
[White "Mueckan, Friedbert"]
[Black "Bold, Konrad"]
[Result "0-1"]
[WhiteElo "2059"]
[BlackElo "2149"]
[PlyCount "55"]
[EventDate "2010.02.10"]
[EventType "team-swiss"]
[EventRounds "9"]
[EventCountry "GER"]
[SourceTitle "CBM 134 Extra"]
[Source "ChessBase"]
[SourceDate "2010.03.03"]
[SourceVersion "1"]
[SourceVersionDate "2010.03.03"]
[SourceQuality "1"]
[WhiteTeam "Dresden Springer (Seniors)"]
[BlackTeam "Pfalz (Seniors)"]
[WhiteTeamCountry "GER"]
[BlackTeamCountry "GER"]

1. e4 c6 2. Nf3 d5 3. exd5 cxd5 4. d4 Bg4 5. Bd3 Nc6 6. c3 e6 7. Nbd2 Bd6 8. Qa4 Qc7 9. h3 Bh5 10. g4 Bg6 11. Bxg6 hxg6 12. Nf1 Nf6 13. g5 Ne4 14. Be3 Bf4 15. Ke2 Rh5 16. h4 0-0-0 17. Rg1 Rdh8 18. Rg4 Bxe3 19. Nxe3 Qb6 20. Qc2 Kb8 21. Rgg1 Qa6+ 22. Ke1 Rc8 23. Qe2 Qb6 24. Ng2 Rhh8 25. Nd2 Qxb2 26. Rd1 Nxc3 27. Qf3 Nxd1 28. Qxd1 0-1

[Event "EU-chT Seniors 12th"]
[Site "Dresden"]
[Date "2010.02.17"]
[Round "8"]
[White "Werchan, Hans"]
[Black "Bold, Konrad"]
[Result "1/2-1/2"]
[WhiteElo "2149"]
[BlackElo "2149"]
[PlyCount "21"]
[EventDate "2010.02.10"]
[EventType "team-swiss"]
[EventRounds "9"]
[EventCountry "GER"]
[SourceTitle "CBM 134 Extra"]
[Source "ChessBase"]
[SourceDate "2010.03.03"]
[SourceVersion "1"]
[SourceVersionDate "2010.03.03"]
[SourceQuality "1"]
[WhiteTeam "Magdeburg Ottonen (Seniors)"]
[BlackTeam "Pfalz (Seniors)"]
[WhiteTeamCountry "GER"]
[BlackTeamCountry "GER"]

1. Nf3 d5 2. c4 c6 3. g3 Nf6 4. Bg2 g6 5. b3 Bg7 6. Bb2 0-0 7. 0-0 Nbd7 8. Qc2 Re8 9. d4 e6 10. Nc3 Qc7 11. Rac1 1/2-1/2

[Event "EU-chT Seniors 12th"]
[Site "Dresden"]
[Date "2010.02.15"]
[Round "6"]
[White "Deppe, Christian"]
[Black "Bold, Konrad"]
[Result "1/2-1/2"]
[WhiteElo "1931"]
[BlackElo "2149"]
[PlyCount "80"]
[EventDate "2010.02.10"]
[EventType "team-swiss"]
[EventRounds "9"]
[EventCountry "GER"]
[SourceTitle "CBM 134 Extra"]
[Source "ChessBase"]
[SourceDate "2010.03.03"]
[SourceVersion "1"]
[SourceVersionDate "2010.03.03"]
[SourceQuality "1"]
[WhiteTeam "Dresden Striesen (Seniors)"]
[BlackTeam "Pfalz (Seniors)"]
[WhiteTeamCountry "GER"]
[BlackTeamCountry "GER"]

1. f4 g6 2. Nf3 Bg7 3. e3 c5 4. Be2 Nc6 5. 0-0 e6 6. c3 Nge7 7. d4 cxd4 8. cxd4 0-0 9. Nc3 d6 10. Bd2 b6 11. Be1 Nf5 12. Bf2 Bb7 13. e4 Nfe7 14. Bh4 Qd7 15. Qa4 Rfd8 16. Rad1 d5 17. e5 a6 18. Qc2 Rdc8 19. Qd2 b5 20. Bf6 Bxf6 21. exf6 Nf5 22. g4 Nd6 23. f5 Ne8 24. fxg6 hxg6 25. Nh4 Kh7 26. Qg5 Nd6 27. Nxg6 fxg6 28. Qh4+ Kg8 29. Qh6 Qh7 30. f7+ Nxf7 31. Qxh7+ Kxh7 32. Rxf7+ Kh6 33. Rxb7 e5 34. h4 g5 35. h5 Nxd4 36. Rxd4 exd4 37. Bd3 Rh8 38. Nxd5 Rab8 39. Ra7 Ra8 40. Rb7 Rab8 1/2-1/2

[Event "EU-chT Seniors 12th"]
[Site "Dresden"]
[Date "2010.02.14"]
[Round "5"]
[White "Kratschmer, Heinz"]
[Black "Bold, Konrad"]
[Result "1-0"]
[WhiteElo "2160"]
[BlackElo "2149"]
[PlyCount "67"]
[EventDate "2010.02.10"]
[EventType "team-swiss"]
[EventRounds "9"]
[EventCountry "GER"]
[SourceTitle "CBM 134 Extra"]
[Source "ChessBase"]
[SourceDate "2010.03.03"]
[SourceVersion "1"]
[SourceVersionDate "2010.03.03"]
[SourceQuality "1"]
[WhiteTeam "Steiermark (Seniors)"]
[BlackTeam "Pfalz (Seniors)"]
[WhiteTeamCountry "AUT"]
[BlackTeamCountry "GER"]

1. d4 d5 2. Nf3 c5 3. e3 Nc6 4. c3 e6 5. Bd3 Nf6 6. Nbd2 Be7 7. 0-0 0-0 8. dxc5 Bxc5 9. e4 dxe4 10. Nxe4 Nxe4 11. Bxe4 Qxd1 12. Rxd1 Be7 13. Bf4 Nb8 14. Bd6 Bxd6 15. Rxd6 f5 16. Bc2 Na6 17. Rad1 Nc7 18. Ne5 b6 19. Bb3 Re8 20. c4 g6 21. Ba4 Re7 22. Bc6 Rb8 23. Rd8+ Kg7 24. Bd7 Bxd7 25. Rxb8 Be8 26. Rdd8 Kf6 27. f4 g5 28. g3 gxf4 29. gxf4 Rg7+ 30. Kf2 Bh5 31. Rf8+ Ke7 32. Nc6+ Kd6 33. Nxa7 Kc5 34. Rfc8 1-0

[Event "GER-chT Seniors 18th"]
[Site "Finsterbergen"]
[Date "2009.09.17"]
[Round "6"]
[White "Bold, Konrad"]
[Black "Lainburg, Victor"]
[Result "1/2-1/2"]
[WhiteElo "2147"]
[BlackElo "2149"]
[PlyCount "51"]
[EventDate "2009.09.12"]
[EventType "team-swiss"]
[EventRounds "7"]
[EventCountry "GER"]
[SourceTitle "CBM 132 Extra"]
[Source "ChessBase"]
[SourceDate "2009.11.03"]
[SourceVersion "1"]
[SourceVersionDate "2009.11.03"]
[SourceQuality "1"]

1. e4 Nf6 2. e5 Nd5 3. Nc3 Nxc3 4. dxc3 d6 5. Nf3 dxe5 6. Qxd8+ Kxd8 7. Nxe5 Ke8 8. Bf4 f6 9. Nc4 e5 10. Bg3 Bd6 11. 0-0-0 Ke7 12. Bd3 Be6 13. Rhe1 Nd7 14. f4 Bxc4 15. Bxc4 Rad8 16. Bd5 c6 17. Bf3 h5 18. Be4 h4 19. Bf2 Bc7 20. Bf5 Nb6 21. Bd4 Kf7 22. fxe5 fxe5 23. Bxe5 Rxd1+ 24. Kxd1 Bxe5 25. Rxe5 Kf6 26. Ra5 1/2-1/2

[Event "GER-chT Seniors 18th"]
[Site "Finsterbergen"]
[Date "2009.09.14"]
[Round "3"]
[White "Schippan, Bernhard"]
[Black "Bold, Konrad"]
[Result "1-0"]
[WhiteElo "2338"]
[BlackElo "2147"]
[PlyCount "93"]
[EventDate "2009.09.12"]
[EventType "team-swiss"]
[EventRounds "7"]
[EventCountry "GER"]
[SourceTitle "CBM 132 Extra"]
[Source "ChessBase"]
[SourceDate "2009.11.03"]
[SourceVersion "1"]
[SourceVersionDate "2009.11.03"]
[SourceQuality "1"]

1. e4 c6 2. d4 d5 3. Nd2 dxe4 4. Nxe4 Nd7 5. Nf3 Ngf6 6. Nxf6+ Nxf6 7. Bc4 e6 8. 0-0 Qc7 9. Bg5 Be7 10. Qe2 0-0 11. Ne5 Nd5 12. Bxe7 Qxe7 13. a4 Bd7 14. c3 Rac8 15. a5 c5 16. Nd3 Bc6 17. Bxd5 Bxd5 18. Nxc5 Rfd8 19. Rfe1 Qg5 20. f3 h5 21. Ne4 Qg6 22. Qf2 Bc6 23. Qg3 Bxe4 24. fxe4 Qxg3 25. hxg3 a6 26. Ra3 Kf8 27. Kf2 Ke7 28. Ke3 g5 29. Rb3 Rd7 30. Rh1 Rh8 31. g4 h4 32. c4 Rc7 33. Rc3 Kd6 34. b4 Rcc8 35. e5+ Kc6 36. Ke4 Rcd8 37. Rf1 Rd7 38. Rf6 Kc7 39. d5 exd5+ 40. cxd5+ Kb8 41. d6 Rhd8 42. Rcf3 Rc8 43. Rxf7 Rdd8 44. Kd5 Rc2 45. Rf8 Kc8 46. Rxd8+ Kxd8 47. Ke6 1-0

[Event "GER-chT Seniors 18th"]
[Site "Finsterbergen"]
[Date "2009.09.13"]
[Round "2"]
[White "Bold, Konrad"]
[Black "Seeck, Klaus"]
[Result "1/2-1/2"]
[WhiteElo "2147"]
[BlackElo "2155"]
[PlyCount "114"]
[EventDate "2009.09.12"]
[EventType "team-swiss"]
[EventRounds "7"]
[EventCountry "GER"]
[SourceTitle "CBM 132 Extra"]
[Source "ChessBase"]
[SourceDate "2009.11.03"]
[SourceVersion "1"]
[SourceVersionDate "2009.11.03"]
[SourceQuality "1"]

1. e4 e6 2. d4 d5 3. Nc3 Nf6 4. Bd3 c5 5. Nf3 Nc6 6. exd5 Nxd5 7. dxc5 Nxc3 8. bxc3 Bxc5 9. 0-0 h6 10. Rb1 0-0 11. Qe2 f5 12. Bc4 Qf6 13. Rb5 b6 14. Re1 Kh7 15. Rb1 Bb7 16. Be3 Bxe3 17. Qxe3 e5 18. Nxe5 Nxe5 19. Qxe5 Qc6 20. Bf1 Rae8 21. Qg3 Qg6 22. Bd3 Qxg3 23. hxg3 g6 24. Bb5 Rxe1+ 25. Rxe1 Rf7 26. Be8 Rc7 27. Re6 Bd5 28. Bxg6+ Kg7 29. Rd6 Bxa2 30. Bxf5 Bf7 31. Kf1 Rxc3 32. Rd7 Kf6 33. Bd3 Bc4 34. Ke1 Bxd3 35. cxd3 h5 36. Rxa7 Rxd3 37. Ke2 Rb3 38. Rh7 Kg6 39. Rd7 Kg5 40. Rd3 Rb2+ 41. Ke3 Kf5 42. Rd5+ Kg6 43. Rd2 Rb4 44. Kd3 Kf5 45. Kc3 Rb1 46. Rb2 Rc1+ 47. Kd4 Rc6 48. Rb5+ Kg4 49. Rb2 Kf5 50. Kd5 Rf6 51. Rb4 Kg5 52. f3 Rg6 53. Re4 Rg8 54. g4 h4 55. Kc6 Rg6+ 56. Kb5 Rf6 57. Rc4 h3 1/2-1/2

[Event "RLP-ch Seniors 26th"]
[Site "Ludwigshafen"]
[Date "2007.07.18"]
[Round "4"]
[White "Reis, Hans Helmut"]
[Black "Bold, Konrad"]
[Result "1/2-1/2"]
[WhiteElo "2140"]
[BlackElo "2147"]
[PlyCount "22"]
[EventDate "2007.07.15"]
[EventType "swiss"]
[EventRounds "7"]
[EventCountry "GER"]
[SourceTitle "EXT 2009"]
[Source "ChessBase"]
[SourceDate "2008.11.26"]
[SourceVersion "1"]
[SourceVersionDate "2008.11.26"]
[SourceQuality "1"]

1. e4 d5 2. exd5 Qxd5 3. Nc3 Qa5 4. Bc4 Nf6 5. d3 c6 6. Bd2 Nbd7 7. Nd5 Qd8 8. Nxf6+ Nxf6 9. Nf3 e6 10. Qe2 Be7 11. 0-0 0-0 1/2-1/2

[Event "EU-chT Seniors 08th"]
[Site "Dresden"]
[Date "2006.02.24"]
[Round "8"]
[White "Just, Joachim"]
[Black "Bold, Konrad"]
[Result "1/2-1/2"]
[WhiteElo "2146"]
[BlackElo "2155"]
[PlyCount "50"]
[EventDate "2006.02.17"]
[EventType "team-swiss"]
[EventRounds "8"]
[EventCountry "GER"]
[SourceTitle "CBM 111 Extra"]
[Source "ChessBase"]
[SourceDate "2006.05.09"]
[SourceVersion "1"]
[SourceVersionDate "2006.05.09"]
[SourceQuality "1"]
[WhiteTeam "Sachsen Anhalt"]
[BlackTeam "Kurpfalz"]
[WhiteTeamCountry "GER"]
[BlackTeamCountry "GER"]

1. d4 d5 2. Nf3 Nf6 3. Bg5 Nbd7 4. e3 e6 5. Nbd2 c6 6. c3 Qc7 7. Bd3 Bd6 8. 0-0 h6 9. Bxf6 Nxf6 10. e4 dxe4 11. Nxe4 Nxe4 12. Bxe4 Bd7 13. Re1 0-0-0 14. a4 g5 15. Bd3 f6 16. g3 h5 17. Nd2 h4 18. Ne4 hxg3 19. Nxd6+ Qxd6 20. fxg3 c5 21. Be4 Bc6 22. Qf3 cxd4 23. Bxc6 bxc6 24. Qxf6 dxc3 25. Qxc3 Qd4+ 1/2-1/2

[Event "EU-chT Seniors 08th"]
[Site "Dresden"]
[Date "2006.02.20"]
[Round "4"]
[White "Ehlert, Joachim"]
[Black "Bold, Konrad"]
[Result "0-1"]
[WhiteElo "2029"]
[BlackElo "2155"]
[PlyCount "56"]
[EventDate "2006.02.17"]
[EventType "team-swiss"]
[EventRounds "8"]
[EventCountry "GER"]
[SourceTitle "CBM 111 Extra"]
[Source "ChessBase"]
[SourceDate "2006.05.09"]
[SourceVersion "1"]
[SourceVersionDate "2006.05.09"]
[SourceQuality "1"]
[WhiteTeam "DBAG/BSW III"]
[BlackTeam "Kurpfalz"]
[WhiteTeamCountry "GER"]
[BlackTeamCountry "GER"]

1. e4 d5 2. exd5 Nf6 3. Nc3 Nxd5 4. Nxd5 Qxd5 5. Nf3 e5 6. d3 Nc6 7. Be3 Bg4 8. Be2 0-0-0 9. 0-0 Be7 10. a3 f5 11. h3 Bh5 12. b4 f4 13. c4 Qd7 14. Bc1 Bxf3 15. Bxf3 Qxd3 16. Qa4 Nd4 17. Bg4+ Kb8 18. Bb2 Qxc4 19. Bxd4 Rxd4 20. Rac1 Qd5 21. Qc2 Bd6 22. Rfd1 e4 23. Rxd4 Qxd4 24. Bf5 e3 25. f3 e2+ 26. Kh2 Re8 27. Be4 Qf2 28. Qb2 Be5 0-1

[Event "EU-chT Seniors 08th"]
[Site "Dresden"]
[Date "2006.02.18"]
[Round "2"]
[White "Bold, Konrad"]
[Black "Haug, Kjell Martin"]
[Result "1-0"]
[WhiteElo "2155"]
[BlackElo "1993"]
[PlyCount "117"]
[EventDate "2006.02.17"]
[EventType "team-swiss"]
[EventRounds "8"]
[EventCountry "GER"]
[SourceTitle "CBM 111 Extra"]
[Source "ChessBase"]
[SourceDate "2006.05.09"]
[SourceVersion "1"]
[SourceVersionDate "2006.05.09"]
[SourceQuality "1"]
[WhiteTeam "Kurpfalz"]
[BlackTeam "Norway II"]
[WhiteTeamCountry "GER"]
[BlackTeamCountry "NOR"]

1. e4 e5 2. d4 exd4 3. Nf3 Nc6 4. c3 d6 5. cxd4 Be7 6. Nc3 Nf6 7. Bd3 0-0 8. h3 h6 9. 0-0 Bd7 10. Be3 Re8 11. Rc1 Qc8 12. Re1 Nd8 13. e5 dxe5 14. dxe5 Nh7 15. Nd5 Bc6 16. Nxe7+ Rxe7 17. Qc2 Nf8 18. Bf5 Nfe6 19. Bc5 Re8 20. Re3 Qb8 21. Nd4 Nxd4 22. Bxd4 Ne6 23. Bc3 Qd8 24. Be4 Bxe4 25. Qxe4 c6 26. f4 Qb6 27. Kh2 Rad8 28. Rf1 c5 29. Rg3 Nd4 30. f5 Kh8 31. f6 g5 32. h4 Qe6 33. hxg5 Qxe5 34. Qxe5 Rxe5 35. gxh6 Rg8 36. Rxg8+ Kxg8 37. g4 Kh7 38. Rf4 Re2+ 39. Kg3 Ne6 40. Rf5 Kxh6 41. Rd5 b5 42. Kf3 Rc2 43. Rd7 Kg6 44. Rxa7 Nd4+ 45. Ke4 Kxf6 46. Rb7 Rg2 47. Rxb5 Rxg4+ 48. Kd3 Ke6 49. Rxc5 Nf3 50. Rc6+ Ke7 51. b4 f5 52. b5 Kd7 53. Rf6 Nh4 54. b6 Kc8 55. Rf7 Rg3+ 56. Kc4 Re3 57. a4 Re6 58. b7+ Kb8 59. Kd5 1-0

[Event "EU-chT Seniors 07th"]
[Site "Dresden"]
[Date "2005.02.24"]
[Round "7"]
[White "Bold, Konrad"]
[Black "Luetje, Juergen"]
[Result "1/2-1/2"]
[WhiteElo "2161"]
[BlackElo "2164"]
[PlyCount "39"]
[EventDate "2005.02.18"]
[EventType "team-swiss"]
[EventRounds "8"]
[EventCountry "GER"]
[SourceTitle "EXT 2006"]
[Source "ChessBase"]
[SourceDate "2005.11.24"]
[SourceVersion "1"]
[SourceVersionDate "2005.11.24"]
[SourceQuality "1"]

1. e4 c5 2. d4 cxd4 3. c3 dxc3 4. Nxc3 Nc6 5. Nf3 e6 6. Bc4 Qc7 7. 0-0 Nf6 8. Bg5 a6 9. Rc1 Be7 10. Qe2 0-0 11. Bb3 d6 12. Rfd1 Re8 13. Bf4 Ng4 14. h3 Nge5 15. Be3 Nxf3+ 16. Qxf3 Rb8 17. Qg3 Qa5 18. Bh6 Bf6 19. Bd2 Nd4 20. Qxd6 1/2-1/2

[Event "EU-chT Seniors 07th"]
[Site "Dresden"]
[Date "2005.02.23"]
[Round "6"]
[White "Winiwarter, Felix"]
[Black "Bold, Konrad"]
[Result "1-0"]
[WhiteElo "2204"]
[BlackElo "2161"]
[PlyCount "75"]
[EventDate "2005.02.18"]
[EventType "team-swiss"]
[EventRounds "8"]
[EventCountry "GER"]
[SourceTitle "EXT 2006"]
[Source "ChessBase"]
[SourceDate "2005.11.24"]
[SourceVersion "1"]
[SourceVersionDate "2005.11.24"]
[SourceQuality "1"]

1. d4 d5 2. c4 c6 3. Nf3 dxc4 4. e3 b5 5. a4 e6 6. axb5 cxb5 7. b3 Nf6 8. bxc4 b4 9. Bd3 a5 10. 0-0 Bb7 11. Nbd2 Nc6 12. Bb2 Be7 13. Bc2 0-0 14. e4 Qc7 15. e5 Nd7 16. Ne4 Rfd8 17. Qe2 Nf8 18. Rfd1 Ba6 19. Bb3 Ng6 20. Qe3 Bb7 21. h4 Nxh4 22. Nxh4 Bxh4 23. Qf4 f5 24. Qxh4 fxe4 25. d5 Nb8 26. Qxe4 Rf8 27. Rd3 Nd7 28. Rh3 g6 29. Bc2 Nc5 30. Qd4 a4 31. d6 Qc6 32. Rg3 a3 33. Bc1 Rf7 34. Bxg6 hxg6 35. Rxg6+ Rg7 36. Rxg7+ Kxg7 37. Qg4+ Kf7 38. Qh4 1-0

[Event "EU-chT Seniors 07th"]
[Site "Dresden"]
[Date "2005.02.22"]
[Round "5"]
[White "Dorsch, Baptist"]
[Black "Bold, Konrad"]
[Result "0-1"]
[WhiteElo "1691"]
[BlackElo "2161"]
[PlyCount "82"]
[EventDate "2005.02.18"]
[EventType "team-swiss"]
[EventRounds "8"]
[EventCountry "GER"]
[SourceTitle "EXT 2006"]
[Source "ChessBase"]
[SourceDate "2005.11.24"]
[SourceVersion "1"]
[SourceVersionDate "2005.11.24"]
[SourceQuality "1"]

1. d4 Nf6 2. Nf3 g6 3. Bf4 Bg7 4. Nbd2 d6 5. e3 Nbd7 6. Bd3 b6 7. 0-0 Bb7 8. Re1 0-0 9. c3 Re8 10. Qc2 Qc8 11. Rad1 e5 12. dxe5 dxe5 13. Bxe5 Nxe5 14. Nxe5 Rxe5 15. Bc4 Rg5 16. e4 Qg4 17. Bf1 Re8 18. f3 Qh4 19. Nb3 Bf8 20. Qf2 Qxf2+ 21. Kxf2 Rh5 22. h3 Rhe5 23. Rd2 Bxe4 24. Rde2 Bd6 25. fxe4 Nxe4+ 26. Kg1 f5 27. Re3 Kg7 28. Bd3 Kf6 29. Bxe4 fxe4 30. g4 h5 31. Kg2 hxg4 32. hxg4 Kg5 33. Nd2 Kxg4 34. Rxe4+ Rxe4 35. Rxe4+ Rxe4 36. Nxe4 Kf4 37. Nf2 Ke3 38. b3 Kd2 39. c4 Kc3 40. Ne4+ Kb2 41. Kf3 Kxa2 0-1

[Event "Bad Bertrich Seniors op 4th"]
[Site "Bad Bertrich"]
[Date "2003.??.??"]
[Round "3"]
[White "Frank, Albert"]
[Black "Bold, Konrad"]
[Result "0-1"]
[WhiteElo "2065"]
[BlackElo "2170"]
[PlyCount "54"]
[EventDate "2003.12.??"]
[EventType "swiss"]
[EventRounds "9"]
[EventCountry "GER"]
[SourceTitle "EXT 2007"]
[Source "ChessBase"]
[SourceDate "2006.11.23"]
[SourceVersion "1"]
[SourceVersionDate "2006.11.23"]
[SourceQuality "1"]

1. e4 d5 2. Nc3 dxe4 3. Nxe4 Nc6 4. Nf3 Bg4 5. h3 Bh5 6. Bb5 Qd5 7. Qe2 0-0-0 8. Bxc6 Qxc6 9. Ne5 Qxc2 10. Qxh5 Qxe4+ 11. Qe2 Qxg2 12. Qg4+ Qxg4 13. hxg4 Nh6 14. g5 f6 15. Nf3 Nf5 16. b3 Nd4 17. Nxd4 Rxd4 18. Rh5 Rg4 19. f3 Rxg5 20. Rxg5 fxg5 21. Bb2 e6 22. Ke2 Rg8 23. Rh1 h6 24. Kd3 Be7 25. Ke4 Kd7 26. d4 Bf6 27. Ba3 Rd8 0-1

[Event "Bad Bertrich Seniors op 4th"]
[Site "Bad Bertrich"]
[Date "2003.??.??"]
[Round "5"]
[White "Jentsch, Dieter"]
[Black "Bold, Konrad"]
[Result "1-0"]
[WhiteElo "2225"]
[BlackElo "2170"]
[PlyCount "63"]
[EventDate "2003.12.??"]
[EventType "swiss"]
[EventRounds "9"]
[EventCountry "GER"]
[SourceTitle "EXT 2007"]
[Source "ChessBase"]
[SourceDate "2006.11.23"]
[SourceVersion "1"]
[SourceVersionDate "2006.11.23"]
[SourceQuality "1"]

1. e4 d5 2. exd5 Nf6 3. Bb5+ Nbd7 4. d4 a6 5. Be2 Nxd5 6. c4 N5f6 7. Nf3 g6 8. Nc3 Bg7 9. Bg5 0-0 10. Qd2 Re8 11. Rd1 Nf8 12. 0-0 Bf5 13. d5 e5 14. c5 Qd7 15. Bh6 Rad8 16. Bxg7 Kxg7 17. Bc4 Bg4 18. Be2 h5 19. b4 e4 20. Nd4 Nxd5 21. f3 exf3 22. Bxf3 Ne3 23. c6 bxc6 24. Bxc6 Nxf1 25. Qb2 Qe7 26. Bxe8 Rxe8 27. Nd5 Qe5 28. Rxf1 Nd7 29. h3 Kh7 30. Nxc7 Qe3+ 31. Kh1 Bxh3 32. Nxe8 1-0

[Event "GER-chT Seniors 10th"]
[Site "Rheda Wiedenbrueck"]
[Date "2001.08.17"]
[Round "6.1"]
[White "Tscheppe, Karl Heinz"]
[Black "Bold, Konrad"]
[Result "1-0"]
[WhiteElo "2140"]
[BlackElo "2062"]
[PlyCount "65"]
[EventDate "2001.08.12"]
[EventType "team"]
[EventRounds "7"]
[EventCountry "GER"]
[SourceTitle "EXT 2002"]
[Source "ChessBase"]
[SourceDate "2001.11.25"]
[SourceVersion "1"]
[SourceVersionDate "2001.11.25"]
[SourceQuality "1"]
[WhiteTeam "Niedersachsen Seniors II"]
[BlackTeam "Rheinland Pfalz Seniors II"]
[WhiteTeamCountry "GER"]
[BlackTeamCountry "GER"]

1. Nf3 d5 2. g3 Nf6 3. Bg2 Nbd7 4. 0-0 e5 5. d3 Be7 6. Re1 0-0 7. c3 h6 8. Qc2 c6 9. Nbd2 Re8 10. e4 Bc5 11. Nb3 dxe4 12. dxe4 Bb6 13. Be3 Qe7 14. h3 Bxe3 15. Rxe3 Nb6 16. Nbd2 Bd7 17. a4 Qe6 18. b3 a5 19. Nh4 Rad8 20. Rae1 Qd6 21. Rd3 Qc5 22. Ree3 Be6 23. c4 Rxd3 24. Rxd3 Nbd7 25. Nf5 b5 26. Rc3 bxa4 27. bxa4 Rb8 28. Ne3 Rb4 29. Kh2 Qd4 30. Nb3 Qa7 31. f4 Rxa4 32. f5 Bxc4 33. Nxc4 1-0

[Event "GER-chT Seniors 10th"]
[Site "Rheda Wiedenbrueck"]
[Date "2001.08.14"]
[Round "3.1"]
[White "Bold, Konrad"]
[Black "Niebling, Ferdinand"]
[Result "1/2-1/2"]
[WhiteElo "2062"]
[BlackElo "2152"]
[PlyCount "47"]
[EventDate "2001.08.12"]
[EventType "team"]
[EventRounds "7"]
[EventCountry "GER"]
[SourceTitle "EXT 2002"]
[Source "ChessBase"]
[SourceDate "2001.11.25"]
[SourceVersion "1"]
[SourceVersionDate "2001.11.25"]
[SourceQuality "1"]
[WhiteTeam "Rheinland Pfalz Seniors II"]
[BlackTeam "Hessen Seniors II"]
[WhiteTeamCountry "GER"]
[BlackTeamCountry "GER"]

1. e4 c5 2. c3 d5 3. exd5 Qxd5 4. d4 Nf6 5. Nf3 Bg4 6. Be2 e6 7. h3 Bh5 8. Be3 cxd4 9. Qa4+ Nc6 10. Bc4 Qd7 11. Nxd4 Nxd4 12. Qxd7+ Nxd7 13. cxd4 Bb4+ 14. Bd2 Bxd2+ 15. Nxd2 Rc8 16. d5 exd5 17. Bxd5 0-0 18. 0-0 Rc2 19. Nb3 b6 20. g4 Bg6 21. Rfc1 Rfc8 22. Rxc2 Rxc2 23. Rc1 Rxc1+ 24. Nxc1 1/2-1/2

[Event "GER-chT Seniors 10th"]
[Site "Rheda Wiedenbrueck"]
[Date "2001.08.12"]
[Round "1.1"]
[White "Schneider, Georg"]
[Black "Bold, Konrad"]
[Result "0-1"]
[WhiteElo "2083"]
[BlackElo "2062"]
[PlyCount "78"]
[EventDate "2001.08.12"]
[EventType "team"]
[EventRounds "7"]
[EventCountry "GER"]
[SourceTitle "EXT 2002"]
[Source "ChessBase"]
[SourceDate "2001.11.25"]
[SourceVersion "1"]
[SourceVersionDate "2001.11.25"]
[SourceQuality "1"]
[WhiteTeam "NRW Seniors II"]
[BlackTeam "Rheinland Pfalz Seniors II"]
[WhiteTeamCountry "GER"]
[BlackTeamCountry "GER"]

1. e4 d5 2. Nc3 c6 3. d4 g6 4. Nf3 Bg7 5. Be3 dxe4 6. Nxe4 Nd7 7. Bc4 Nb6 8. Bb3 Nd5 9. Bd2 Bg4 10. c3 Ngf6 11. Nxf6+ exf6 12. 0-0 0-0 13. h3 Bf5 14. c4 Nc7 15. Be3 Qd7 16. Re1 Rfe8 17. Qd2 Re7 18. d5 cxd5 19. cxd5 Ree8 20. d6 Ne6 21. Qd5 Nd8 22. Nd4 Be4 23. Qb5 Nc6 24. f3 Re5 25. Qf1 Bd5 26. f4 Rxe3 27. Rxe3 Nxd4 28. Bxd5 Nc2 29. Rd3 Nxa1 30. Qxa1 Bf8 31. b3 Kg7 32. Qd1 Qxd6 33. Bc4 Qxf4 34. Rd7 Bc5+ 35. Kh1 Rf8 36. Rd3 Re8 37. Rf3 Qd4 38. Rd3 Qf2 39. Qf3 Qg1# 0-1

[Event "GER-chT Seniors 09th"]
[Site "Halle"]
[Date "2000.08.20"]
[Round "1.3"]
[White "Bold, Konrad"]
[Black "Dohnow, Manfred"]
[Result "1-0"]
[WhiteElo "2070"]
[BlackElo "1968"]
[PlyCount "37"]
[EventDate "2000.08.20"]
[EventType "team"]
[EventRounds "7"]
[EventCountry "GER"]
[SourceTitle "EXT 2002"]
[Source "ChessBase"]
[SourceDate "2001.11.25"]
[SourceVersion "1"]
[SourceVersionDate "2001.11.25"]
[SourceQuality "1"]

1. e4 c5 2. c3 d6 3. d4 cxd4 4. cxd4 Bd7 5. Bc4 Nf6 6. e5 dxe5 7. dxe5 Qa5+ 8. Nc3 Qxe5+ 9. Be3 Nc6 10. Nf3 Qc7 11. Nb5 Qa5+ 12. Bd2 Qb6 13. 0-0 a6 14. Be3 Qd8 15. Qb3 e6 16. Bb6 Na5 17. Bxd8 Nxb3 18. Bxf6 Nxa1 19. Nc7# 1-0